Responses for Show #7464 - Thursday, February 9, 2017

Contestants

[<< previous game]

Kate Reed Hauenstein, a high school history teacher from Cedar Park, Texas

Megan Hersman, an arts marketer from Chicago, Illinois

Kirstin Cutts, a graduate student from Austin, Texas (whose 1-day cash winnings total $11,001)

[next game >>]

Jeopardy! Round responses

COUNTRIES' NEWSPAPERS
POTENT POTABLES
MAN VS. BEAST
PLAYING TRIBUTE
"V"OCABULARY
SLAMILTON
(Alex: You have to name the person that the famous Alexander Hamilton was badmouthing with these quotes.)
    $200 16
India

Kate
    $200 7
(Megan: What is grenadine?)

cranberry juice

KirstinMegan
    $200 19
bears

Kate
    $200 22
AC/DC

Megan
    $200 1
a verdict

Kate
    $200 2
Jefferson

Kate
    $400 17
Mexico

Kate
    $400 12
aquavit

Kate
    $400 27
a pesticide

Megan
    $400 23
Michael Jackson

Kirstin
    $400 8
(Kate: What is a veranda?)

a vestibule

MeganKate
    $400 3
Aaron Burr

Kate
    $600 18
Canada

Kirstin
    $600 13
Curaçao

Kate
    $600 28
the Pied Piper

Kirstin
    $600 24
Rumours

Kirstin
    $600 9
a vibraphone

Kirstin
    $600 4
James Madison

Kate
    $800 20
South Africa

Triple Stumper
    $800 14
(Kate: What is grappa?)

sambuca

Kate
Triple Stumper
    $1,000 29
(Kirstin: What is a bull?)

a scarecrow

Kirstin
    $800 25
The Killers

Kate
    $800 10
vulpine

Kirstin
    $800 5
John Adams

Kate
    $1000 21
Oman

Triple Stumper
    $1000 15
Denmark

Triple Stumper
    $1000 30
(Megan: What are kangaroos?)

rabbits

KirstinMegan
    $1000 26
The Cars

Triple Stumper
    $1000 11
virology

Kate
    $1000 6
[Applause for Kate's running the category]

Clinton

Kate

Scores at the first commercial break (after clue 15):

Kirstin Megan Kate
$1,600 $200 $4,000

Scores at the end of the Jeopardy! Round:

Kirstin Megan Kate
$3,800 -$200 $5,600

Double Jeopardy! Round responses

LOVE
TV NICKNAMES
THE OED, FROM POISE TO QUELT
MUNICIPAL LITERATURE
-OLOGIES
ALPHANUMERICALLY YOURS
    $400 13
Cyrano de Bergerac

Kate
    $400 1
little buddy

Triple Stumper
    $400 26
a quarantine

Kirstin
    $400 5
Oliver Twist

Kate
    $400 10
meteorology

Kirstin
    $400 18
(Megan: What is an IRA?)

a 401(k)

MeganKate
    $800 14
Pepé le Pew

Kate
    $800 2
Turtle

Kate
    $800 27
posterior

Kirstin
    $800 7
(Kate: What is Venice?)
...
(Alex: The other place with canals, yes.)

Amsterdam

KirstinKate
    $800 9
ecology

Triple Stumper
    $800 19
K2

Kate
    $3,000 15
pheromones

Kate
    $1200 3
Mycroft Holmes

Triple Stumper
    $2,500 28
a pugilist

Kirstin
    $1200 8
Quebec City

Triple Stumper
    $1200 23
fishing

Triple Stumper
    $1200 20
North Carolina

Kate
    $1600 16
the Song of Solomon

Kirstin
    $1600 4
Eleven

Kirstin
    $1600 29
precipitation

Kirstin
    $1600 11
San Francisco

Triple Stumper
    $1600 24
herpetology

Kirstin
    $1600 21
the B-52s

Megan
    $2000 17
The Kiss

Kate
    $2000 6
the Beaver

Kate
    $2000 30
[Applause for Kirstin's running the category]

quaff

Kirstin
    $2000 12
Jack Kerouac

Triple Stumper
    $2000 25
cryobiology

Triple Stumper
    $2000 22
(Kate: What is Vitamin B12?)
(Megan: What is B6?)

B3

MeganKate
Triple Stumper

Scores at the end of the Double Jeopardy! Round:

Kirstin Megan Kate
$17,100 -$1,000 $14,600

[wagering suggestions for these scores]

Final Jeopardy! Round responses

THE OSCARS
KateWhat is Lord of the Rings: Return
$14,600
KirstinWhat is [illegible] sorry?
$2,499
Lord of the Rings: Return of the King

Final scores:

Kirstin Megan Kate
$14,601 -$1,000 $0
2-day champion: $25,602 3rd place: $1,000 2nd place: $2,000

Game dynamics:

Coryat scores:

Kirstin Megan Kate
$16,800 -$1,000 $12,800
18 R
(including 1 DD),
1 W
(including 1 DD)
4 R,
4 W
23 R
(including 1 DD),
4 W

Combined Coryat: $28,600

[game clues] [game scores] [suggest correction]

Game tape date: 2016-11-09
The J! Archive is created by fans, for fans. Scraping, republication, monetization, and malicious use prohibited; this site may use cookies and collect identifying information. See terms. The Jeopardy! game show and all elements thereof, including but not limited to copyright and trademark thereto, are the property of Jeopardy Productions, Inc. and are protected under law. This website is not affiliated with, sponsored by, or operated by Jeopardy Productions, Inc. Join the discussion at JBoard.tv.